| 000 | 00339nam a22001337a 4500 | ||
|---|---|---|---|
| 008 | 170606b xxu||||| |||| 00| 0 eng d | ||
| 020 | _a9780805089806 | ||
| 041 | _aeng | ||
| 080 | _a94 | ||
| 100 | _a18 | ||
| 101 | _aSHH | ||
| 245 |
_aPAST THE END OF EASY MONEY RENEWAL OF THTHE AMERICAN ECONOMY _cGOODMAN.P.S |
||
| 942 |
_2udc _cBK |
||
| 999 |
_c16157 _d16157 |
||